000 00773nam a2200253 i 4500
001 bg
100 1 _aBUKOWSKA, Agnieszka
245 1 0 _aTechnologia produkcji monomerów :
_bmonomery nienasycone /
_cAgnieszka Bukowska, Wiktor Bukowski.
260 _aRzeszów :
_bOficyna Wydawnicza Politechniki Rzeszowskiej,
_c2001.
300 _a164 s. :
_brys. ;
_c24 cm.
504 _aBibliogr.
521 _aSkrypt dla studentów Wydziału Chemicznego.
650 9 _aTechnologia chemiczna organiczna
650 9 _aMonomery
655 _aPodręczniki akademickie
700 1 _aBUKOWSKI, Wiktor
020 _a8371991789
040 _cBPK
041 0 _apl
080 _a661.7(075.8)
920 _a83-7199-178-9
942 _cKS
008 s pl f |000 0 pol
999 _c40237
_d40237
856 _uhttp://koha.tu.koszalin.pl/cgi-bin/koha/opac-detail.pl?biblionumber=40237
_yKatalog online BPK